Statistics for 世界面积排名前20的半岛

Click here to take the quiz!

General Stats

  • This quiz has been taken 181 times
  • The average score is 11 of 21

Answer Stats

排名面积(万平方千米)名称% Correct
1322.0阿拉伯半岛
93%
2209.0印度半岛
89%
1325.1亚平宁半岛
80%
3206.5中南半岛
79%
858.4伊比利亚半岛
78%
675.0(一说是80.0)斯堪的纳维亚半岛
78%
1522.0朝鲜半岛
74%
1050.5巴尔干半岛
71%
1423.7马来半岛
61%
4151.9阿拉斯加半岛
59%
1715.2佛罗里达半岛
56%
1814.3下加利福尼亚半岛
54%
953.0小亚细亚半岛
52%
675.0索马里半岛
49%
1237,0勘察加半岛
48%
5140.0拉布拉多半岛
33%
773.8楚科奇半岛
31%
1619.8尤卡坦半岛
31%
1140.0泰梅尔半岛
9%
1913.7约克角半岛
9%
2012.2亚马尔半岛
6%

Score Distribution

Percentile by Number Answered

Percent of People with Each Score

Your Score History

You have not taken this quiz